000 00606nam a2200229Ia 4500
003 OSt
005 20250819131053.0
008 210210b2006 xxu||||| |||| 00| 0 eng d
020 _a0070611432
040 _cAL
041 _aeng
082 _a658.8 WALM
100 _aOrville C Walker
_9236422
245 _aMarketing strategy
_b: a decision focused approach Ed 5
250 _a5
260 _aNew Delhi
_bTata McGraw-Hill Publishing Company Ltd.
_c2006
300 _axx,346p
690 _aMarketing Management
_9236423
700 _aMullins John W
_9236424
906 _a062514
942 _2ddc
_cBK
999 _c117623
_d117623